|
|
|
|
| LEADER |
01726nam a22003977a 4500 |
| 001 |
38883 |
| 003 |
BD-DhAAL |
| 008 |
220613t2019 nyu 001 0 eng d |
| 999 |
|
|
|c 44300
|d 44300
|
| 020 |
|
|
|a 9780393680393 (paperback)
|
| 020 |
|
|
|a 9780393679533 (hardcover)
|
| 040 |
|
|
|a BD-DhAAL
|c BD-DhAAL
|
| 082 |
|
|
|a 571.6
|2 23
|
| 245 |
|
|
|a Essential cell biology /
|c Bruce Alberts ... [et al.].
|
| 250 |
|
|
|a Fifth edition.
|
| 260 |
|
|
|a New York :
|b W.W. Norton & Company,
|c c2019.
|
| 300 |
|
|
|a xxxii, 734 pages :
|b illustrations ;
|c 28 cm.
|
| 500 |
|
|
|a Includes index.
|
| 526 |
|
|
|a PHR
|
| 541 |
|
|
|a Trim Education
|e 38883, 38884, 38885
|
| 650 |
|
|
|a Cytology.
|9 49275
|
| 650 |
|
|
|a Molecular biology.
|9 49276
|
| 650 |
|
|
|a Biochemistry.
|9 49277
|
| 650 |
|
|
|a Pharmacy.
|9 49278
|
| 700 |
|
|
|a Alberts, Bruce
|9 49279
|
| 700 |
|
|
|a Hopkin, Karen
|9 49280
|
| 700 |
|
|
|a Johnson, Alexander
|9 49281
|
| 700 |
|
|
|a Morgan, David
|9 49282
|
| 700 |
|
|
|a Raff, Martin
|9 49283
|
| 700 |
|
|
|a Roberts, Keith
|9 49284
|
| 700 |
|
|
|a Walter, Peter
|9 49285
|
| 852 |
|
|
|a Ayesha Abed Library
|c General Stacks
|
| 942 |
|
|
|2 ddc
|c BK
|
| 952 |
|
|
|0 0
|1 0
|2 ddc
|4 0
|6 571_600000000000000_ESS
|7 0
|9 70801
|a BRACUL
|b BRACUL
|c GEN
|d 2022-06-06
|e Trim Education
|g 7700.00
|l 7
|m 66
|o 571.6 ESS
|p 3010038883
|r 2026-03-02
|s 2026-02-18
|t 1
|v 7700.00
|w 2022-06-06
|y BK
|
| 952 |
|
|
|0 0
|1 0
|2 ddc
|4 0
|6 571_600000000000000_ESS
|7 0
|9 70802
|a BRACUL
|b BRACUL
|c GEN
|d 2022-06-06
|e Trim Education
|g 7700.00
|l 7
|m 58
|o 571.6 ESS
|p 3010038884
|r 2024-09-08
|s 2024-07-03
|t 2
|v 7700.00
|w 2022-06-06
|y BK
|
| 952 |
|
|
|0 0
|1 0
|2 ddc
|4 0
|6 571_600000000000000_ESS
|7 0
|9 70803
|a BRACUL
|b BRACUL
|c GEN
|d 2022-06-06
|e Trim Education
|g 7700.00
|l 7
|m 61
|o 571.6 ESS
|p 3010038885
|q 2026-06-02
|r 2025-11-19
|s 2025-11-19
|t 3
|v 7700.00
|w 2022-06-06
|y BK
|